00369nam a2200133Ia 450000500170000000800410001708200160005810000270007424500580010126000430015930000120020265000100021465000110022420240529002435.0240331s9999 xx 000 0 und d bWANa339.46 aWanigasundara, Mallika 4aThe Hambantota empowerment phase 1 :b1989 early 1992 aSri LankabJanasaviya Departmentc1992 a49 p ., awomen aHealth